000 00695nam a2200253Ia 4500
003 OSt
005 20220925223045.0
006 a|||||r|||| 00| 0
007 ta
008 220923b |||||||| |||| 00| 0 eng d
020 _a0415189055
037 _cGeneral Book
040 _aRTL
_cRTL
_beng
041 _2eng
_aeng
082 _aR.6.N9, N8
100 _aRoux APJ
_9288863
245 0 _aAfrican philosophy reader
260 _aLondon
_bRoutledge
_c1998
300 _axi, 467p Bibliography chapterwise
_ccm.
650 _aPhilosophy
700 _a Coetzee P H Ed
_9147474
942 _hR.6.N9, N8
_cGB
_2CC
999 _c578523
_d578523